El redescubrimiento de la administracin̤ pb︢lica. Creando img̀enes desde la universidad

Detalles Bibliográficos
Autor Corporativo: Instituto Nacional de Administracin̤ Pb︢lica (INAP)
Formato: Libro
Lenguaje:español
Publicado: Espaą Instituto Nacional de Administracin̤ Pb︢lica (INAP) 2015
Materias:
Acceso en línea:Acceso restringido

MARC

LEADER 00000nam a22000007a 4500
005 20160510120143.0
007 cr|||| ||u|
008 160510s2015 sp ||||| |||| 00||0 spa d
020 |a 978-84-7351-472-9 
035 |a 14198 
040 |a vLex  
090 |c 6063  |d 6063 
245 1 4 |a  El redescubrimiento de la administracin̤ pb︢lica. Creando img̀enes desde la universidad  |h [Recurso electrn̤ico] /  |c Instituto Nacional de Administracin̤ Pb︢lica (INAP) 
256 |a Servicio en ln̕ea  
260 |a Espaą  |b Instituto Nacional de Administracin̤ Pb︢lica (INAP)  |c 2015 
300 |a 1 recurso electrn̤ico  
506 1 |a Contenido solo disponible en los productos indicados  |d vLex Global  |d vLex Global (Academic Edition, excluding Law Schools)  |d vLex Global (U.S. Academic Edition, Law Schools)  |d vLex Global (U.S. Academic Edition, excluding Law Schools)  |d vLex Global (Academic Edition, Law Schools) 
650 0 4 |a Administracin̤ pb︢lica  |z Espaą 
710 |a Instituto Nacional de Administracin̤ Pb︢lica (INAP) 
740 0 |a vLex libros (servicio en ln̕ea)  
856 4 0 |u http://vlex.com/source/redescubrimiento-de-la-administracion-publica-creando-imagenes-desde-la-universidad-14198  |z Acceso restringido  
942 |c BOOK 
999 0 |a Public administration  |b Spain